| 000 | 02420nam0a22003011 4500 | ||
|---|---|---|---|
| 001 | rc\675071 | ||
| 005 | 20210701221810.0 | ||
| 035 | _a(NLR Aleph) 005913069 | ||
| 090 |
_a6397129 _c6397129 |
||
| 100 | _a20031121d1986 u |0rusy50 ca | ||
| 101 | 0 | _arus | |
| 102 | _aRU | ||
| 105 | _ay ||||||||| | ||
| 200 | 1 |
_aФУНКЦИОНАЛЬНЫЕ уравнения в статистической механике и нелинейные динамические системы _e[Сб. ст.] _f[Ред. Л.С. Дружинина] |
|
| 210 |
_aКиев _cИн-т математики _d1986 |
||
| 215 |
_a56 с. _d20 |
||
| 225 | 1 |
_aПрепринт _fАН УССР, Ин-т математики _v86.53 |
|
| 327 | 1 | _aСодерж.: Метод производящих функционалов Н.Н. Боголюбова в статистической механике, функциональные уравнения и их гамильтонова структура / Боголюбов Н.Н. (мл.), Прикарпатский А.К., Самойленко В.Г. Алгебраическая структура градиентного метода построения критериев интегрируемости нелинейных динамических систем / Самойленко В.Г., Прикарпатский А.К. | |
| 464 | 0 |
_12001#$aМетод производящих функционалов Н.Н. Боголюбова в статистической механике, функциональные уравнения и их гамильтонова структура _1700#1$aБоголюбов$bН. Н.$cмл.$cд-р физ.-мат. наук$f1940-$gНиколай Николаевич$3RU\NLR\AUTH\7714092 _1701#1$aПрикарпатский$bА.К. _1701#1$aСамойленко$bВ.Г. |
|
| 464 | 0 |
_12001#$aАлгебраическая структура градиентного метода построения критериев интегрируемости нелинейных динамических систем _1700#1$aСамойленко$bВ.Г. _1701#1$aПрикарпатский$bА.К. |
|
| 702 | 1 |
_aДружинина _bЛ. С. _4340 |
|
| 712 | 0 | 2 |
_aИнститут математики _cКиев _3RU\NLR\AUTH\8812647 |
| 801 | 0 |
_aRU _bNLR _gpsbo |
|
| 801 | 1 |
_aRU _bELAR _2rusmarc |
|
| 852 |
_aNLR _j87-4/18679 |
||
| 942 | _cBOOK | ||
| 980 | _aNB | ||